Statistiques concernant Reliez le prénom à la personnalité (Michel, Jean ou Pierre)

Cliquez ici pour prendre le quiz!

Statistiques générales

  • Ce quiz a été pris 280 fois
  • Le résultat moyen est 34 sur 47

Statistiques - réponses

HintRéponse% Correct
DujardinJean
99%
JaurèsJean
96%
de La FontaineJean
93%
SardouMichel
93%
NineyPierre
92%
RichardPierre
91%
MoulinJean
90%
BlancMichel
88%
MénèsPierre
86%
GabinJean
85%
RenoJean
85%
GalabruMichel
84%
DelpechMichel
84%
PiccoliMichel
82%
PlatiniMichel
80%
CuriePierre
79%
CocteauJean
78%
RochefortJean
78%
FerratJean
76%
MaraisJean
76%
PerretPierre
76%
OnfrayMichel
75%
RenoirJean
72%
HouellebecqMichel
72%
CymesMichel
72%
PolnareffMichel
72%
RacineJean
71%
DenisotMichel
71%
DesprogesPierre
71%
LeebMichel
70%
BoujenahMichel
70%
d'OrmessonJean
69%
ArditiPierre
67%
HazanaviciusMichel
66%
BergerMichel
65%
BacheletPierre
64%
JonaszMichel
61%
PalmadePierre
61%
BenguiguiJean
60%
LegrandMichel
57%
SoulagesPierre
56%
HidalgoMichel
51%
GenetJean
42%
BénichouPierre
39%
GondryMichel
37%
BourdieuPierre
35%
BouquetMichel
25%

Distribution des résultats

Percentile par nombre de réponses

% des personnes avec chaque résultat

Votre développement - résultats

Vous n’avez pas pris ce quiz